000 00812nam a2200241 4500
003 OSt
005 20260530115309.0
008 260506b1992 enk||||| |||| 00| 0 spa d
020 _a9688871915
040 _aICI
_bSPA
_cICI
050 _aNK2195.R4
_bC5518
100 1 _a Cliff, Stafford,
_eautor
240 _aThe best in restaurante corporate identity
_lEspañol
245 1 0 _aRestaurantes, diseno e imagen corporativa /
_cStafford cliff ; vers. castellana de Santiago castan i Gómez-salvo
264 1 _aMéxico :
_bGustavo Gili,
_c1992
300 _a224 páginas
336 _atexto
_2rdacontent
337 _asin medio
_2rdamedia
338 _avolumen
_2rdacarrier
650 _aRestaurantes
_xDecoración
_932584
700 _aCastán y Gómez-Salvo, Santiago,
_etraductor
_932585
942 _2lcc
_cBK
_n1
999 _c13269
_d13269